00296nam a2200121Ia 45000030006000000080041000060400015000471000027000622450047000892600009001365460012001450050017001570STCL150530s9999 xx 000 0 und d aSTCLcSTCL aRam Niranjan; Tripathy aPublic finance in underdeveloped countries c1985 aEnglish20220125165538.0